[Event "Moscow Petrosian Memorial"]
[Site "Moscow"]
[Date "2014.11.05"]
[Round "2"]
[White "Gelfand, Boris"]
[Black "Grischuk, Alexander"]
[Result "0-1"]
[WhiteElo "2759"]
[BlackElo "2795"]
[Annotator "Krasenkow,M"]
[PlyCount "132"]
[EventDate "2014.11.04"]
[EventType "tourn"]
[EventRounds "7"]
[EventCountry "RUS"]
[EventCategory "20"]
[SourceTitle "CBM 164"]
[Source "ChessBase"]
[SourceDate "2015.01.15"]
[SourceVersion "1"]
[SourceVersionDate "2015.01.15"]
[SourceQuality "1"]

1. d4 Nf6 2. c4 g6 3. Nc3 d5 4. Bf4 Bg7 5. e3 O-O 6. Rc1 Be6 7. c5 {The whole
6...Be6!? line and particularly this continuation (probably too risky for
White as he will hardly be able to hold his outposts in the centre) was
examined in annotations to the stem game Wang Yue - Carlsen (see CBM 133).
White's later attempts to create problems for his rival have been equally
unsuccessful.} c6 8. Bd3 (8. h3 b6 9. b4 Ne4 10. Nf3 (10. Bd3 a5 11. Na4 {
0-1 (63) Jumabayev,R (2525)-So,W (2652) Istanbul 2012} b5 12. Nb6 Ra7 $13)
10... a5 11. Na4 {1-0 (17) Timoscenko,G (2494)-Michalik,P (2330)/Banska
Stiavnica 2006/CBM 113 ext} b5 12. Nb6 Ra7 $13) (8. Nf3 Bg4 9. Qb3 (9. Be2 Nbd7
10. h3 Bxf3 11. Bxf3 Re8 12. O-O e5 13. Bh2 exd4 14. exd4 {0-1 (60) Ghaem
Maghami,E (2582)-Volokitin,A (2638) Dubai 2014} Nf8 $132) 9... b6 10. cxb6 axb6
11. Ne5 Be6 12. Be2 Nfd7 13. Nf3 {1-0 (47) Mastrovasilis,A (2547)-Erdogdu,M 
(2423) Aix-les-Bains 2011} Bg4 $11) 8... Bc8 {A fresh idea. Black's bishop
simply frees the way for his e-pawn without trying to gain anything else. Now,
compared to the positions common for the Chebanenko Defence (1.d4 d5 2.c4 c6 3.
Nc3 Nf6 4.Nf3 a6 5.c5), he has lost a tempo but his pawn is still on a7, which
enables him to push ...b7-b6, and in the event of c5xb6 - a7xb6. Practice has
seen the following alternatives:} (8... Bg4 9. f3 (9. Qc2 Nfd7 $5 10. Bxb8 $6 (
10. h3 e5 11. Bxe5 Nxe5 12. hxg4 Nxg4 $11) 10... Nxb8 $1 11. h3 Bc8 12. f4 b6
13. Na4 e5 $1 14. dxe5 f6 15. exf6 Qxf6 $40 {1/2 (58) Wang,Y (2736)-Carlsen,M 
(2772) Nanjing 2009 CBM 133 [Krasenkow,M]}) (9. Nge2 $5) 9... Bc8 10. Nge2 Nbd7
11. O-O e5 12. Bg5 Qc7 (12... exd4 $5 13. exd4 Re8 $11 {[%cal Yd7f8,Yf8e6]})
13. b4 Re8 14. Qd2 Nf8 15. Bh4 Nh5 16. g4 Nf6 17. Bg3 N8d7 18. Kg2 Qd8 19. h3
h5 $132 {1-0 (36) Kovalenko,I (2637)-Kulaots,K (2568) Vilnius LTU 2014}) (8...
b6 9. b4 a5 10. Na4 $5 (10. a3 axb4 11. axb4 Na6 12. Bxa6 Rxa6 13. Nf3 bxc5 14.
bxc5 Bg4 15. Qd3 Qa8 16. Ne5 Bf5 17. Qd2 Nh5 $15 {1-0 (44) Zhao,X (2567)-Bok,B
(2560) Wijk aan Zee 2014}) 10... b5 11. Nb6 Ra7 $13) (8... Nbd7 $5 9. h3 (9.
Nge2 Nh5 10. b4 f5 11. Bg3 {1-0 (42) David,A (2588)-Bezemer,A (2351) Belgium
2011} Nxg3 12. hxg3 Bf7 {[%cal Ye7e5]} 13. f4 Nf6 $132) 9... Ne4 (9... Bf5 10.
Bxf5 gxf5 11. g4 $36 {1/2 (40) Krush,I (2455)-Nebolsina,V (2310) Moscow 2010})
10. Nge2 f5 11. O-O Bf7 12. Na4 e5 13. dxe5 Nxe5 14. f3 Nxd3 15. Qxd3 Nf6 $11 {
1-0 (42) Almeida Quintana,O (2576)-Asis Gargatagli,H (2420) Barcelona 2011}) 9.
h3 (9. Nf3 Bg4 {is good for Black despite the loss of time;}) (9. b4 b6 10.
Nge2 Nfd7 11. O-O e5 12. Bg3 a5 13. b5 bxc5 14. bxc6 Nxc6 15. Nxd5 {1/2 (30)
Karner,C (2339)-Kreisl,R (2408) Steyregg AUT 2014} exd4 16. exd4 Nxd4 $13) 9...
Nfd7 $1 {[%mdl 32] The key move of Black's plan.} 10. Nf3 ({To} 10. Bg5 {
(preventing ...e7-e5)} b6 $1 {looks quite timely:} 11. cxb6 (11. b4 a5 12. b5
bxc5 13. bxc6 Nxc6 14. Nxd5 Bb7 $132) 11... axb6 12. Nf3 Ba6 $11) 10... e5 $1 {
This break solves Black's problems.} 11. dxe5 Nxc5 12. Bb1 Nbd7 13. b4 $6 (13.
O-O $142) 13... Ne6 14. O-O (14. Bh2 Ng5 $1 15. Nxg5 Qxg5 16. O-O Qe7 {[%cal
Re7b4,Rd7e5]}) 14... Nxf4 15. exf4 Nb6 $15 {^^} 16. Qd4 (16. Re1 $142) 16... f6
$1 17. b5 Nc4 (17... fxe5 $142 18. Nxe5 (18. fxe5 $4 Rxf3 19. gxf3 Qg5+ 20. Kh1
Bxh3 21. Rg1 Qh5) 18... Nc4 19. bxc6 bxc6 20. Bd3 {- game}) 18. bxc6 bxc6 19.
Bd3 fxe5 20. Nxe5 $6 (20. fxe5 $1 Rxf3 21. Bxc4 $13) 20... Bxe5 $1 {[%mdl 64]}
({A tactical solution, which is better than} 20... Nxe5 21. fxe5 Qb6 22. Ne2
Bd7 $15) 21. fxe5 Nd2 22. Rfd1 (22. Rfe1 Qg5 23. Kh1 (23. Qe3 Nf3+ 24. Kh1 Qh4
25. gxf3 Bxh3 $19 {[%cal Rd5d4] ->}) 23... Nf3 $1 24. gxf3 Bxh3 25. Rg1 (25.
Bf1 Bxf1 26. Rxf1 Rf4) 25... Qh6 $19) 22... Qg5 23. Qe3 $1 (23. Kh1 Nf3 $1 24.
gxf3 Bxh3 $19) (23. Kh2 Bxh3 $1 24. Kxh3 Nf3 $1 ({even better than} 24... Rf4)
25. gxf3 Rxf3+ 26. Kh2 Raf8 $19 {[%cal Rf8f4,Rf3f2]}) 23... Nf3+ 24. Kh1 Qxe3
25. fxe3 Nxe5 {Black has won a pawn...} 26. e4 d4 27. Na4 Rb8 $1 {... and
gladly gives it back!} 28. Bc4+ Kg7 29. Rxd4 $2 {It was better to decline the
offer:} (29. Nc5 Rf2 $140 30. Be6 $1 {- White may survive here.}) 29... Rb4 30.
Nc5 Rf2 31. a3 Rbb2 {[%cal Gb2f2,Gf2g2]} 32. Na4 $1 (32. Bf1 $2 Bxh3) 32...
Bxh3 $1 33. Nxb2 Bxg2+ 34. Kh2 Rxb2 35. Kg3 g5 $17 {Black has two connected
passed pawns and a strong centralised knight for the exchange. It is
practically impossible for White to organise a successful defence.} 36. Rcd1 (
36. Bf1 Bxf1 37. Rxf1 h5 38. Rf5 $140 $6 h4+ 39. Kh3 Rb3+ 40. Kg2 h3+ 41. Kh1
Nf3) 36... h5 37. R4d2 Rxd2 38. Rxd2 Bxe4 $19 39. Re2 h4+ 40. Kf2 Ng4+ 41. Kg1
Nf6 42. Be6 Kg6 43. Re1 Bf3 44. Re5 g4 45. Bf5+ Kh6 46. Bd3 Bd5 47. Bf1 g3 48.
Bh3 Ne4 49. Be6 Nf2 50. Bxd5 cxd5 51. Kg2 d4 52. Rd5 d3 53. a4 a5 54. Kf3 Kg6
55. Rd8 Kf7 56. Rd4 Kf8 57. Rd5 Ke8 58. Rd4 Ke7 59. Rd5 Kf6 60. Rd6+ Kf5 61.
Rd4 Ke6 62. Rd8 Ke5 63. Rd7 h3 $1 64. Kxg3 Ne4+ 65. Kf3 h2 66. Kg2 d2 {[%cal
Re4d6]} (66... d2 67. Rd3 h1=Q+ 68. Kxh1 Nf2+) 0-1

[Event "Moscow Petrosian Memorial"]
[Site "Moscow"]
[Date "2014.11.06"]
[Round "3"]
[White "Grischuk, Alexander"]
[Black "Morozevich, Alexander"]
[Result "1-0"]
[WhiteElo "2795"]
[BlackElo "2724"]
[Annotator "Roiz,M"]
[PlyCount "71"]
[EventDate "2014.11.04"]
[EventType "tourn"]
[EventRounds "7"]
[EventCountry "RUS"]
[EventCategory "20"]
[SourceTitle "CBM 164"]
[Source "ChessBase"]
[SourceDate "2015.01.15"]
[SourceVersion "1"]
[SourceVersionDate "2015.01.15"]
[SourceQuality "1"]

1. d4 d5 2. c4 c6 3. Nf3 Nf6 4. Nc3 a6 5. Qc2 {This original move is rarely
seen on the top level nowadays, but it usually leads to to a complex battle.}
g6 {Alexander Morozevich deviates from the most principledl continuation.} ({
Of course, first of all White should deal with} 5... dxc4 6. e4 b5 7. a4 {
This line has been considered good for Black, since the game Gelfand-Bacrot in
2002:} ({White didn't achieve much with aggressive play in the following game:
} 7. Be2 e6 8. Rg1 $6 Bb7 9. g4 c5 $17 {0-1 Williams,S (2463)-Karjakin,S (2762)
/Rhodes GRE 2013 (31)}) 7... e6 $1 8. axb5 (8. Be2 $5 Bb7 9. O-O Be7 10. Bg5
$44 {0-1 Williams,S (2465)-Postny,E (2641)/Saint-Quentin FRA 2014 (24)}) 8...
cxb5 9. e5 Nd5 10. Nxb5 axb5 11. Rxa8 Bb7 {and White was in danger in Gelfand,
B (2704)-Bacrot,E (2653)/Albert 2002/CBM 092/[Gelfand,B]. Obviously, Grischuk
has prepared some fresh idea here.}) 6. e4 $5 {Alexander chooses the most
ambitious way to handle the position.} ({There were more popular alternatives,
but it looks like Black should be able to solve the problems in both cases:} 6.
Bg5 Bg7 7. Bxf6 exf6 (7... Bxf6 8. cxd5 O-O 9. e4 $14) 8. cxd5 cxd5 9. g3 Nc6
10. Bg2 Be6 11. e3 Rc8 $11 {1-0 Williams,S (2520)-Houska,J (2429)/London 2011/
CBM 143 Extra (38)}) (6. cxd5 cxd5 7. Bg5 Nc6 8. Bxf6 exf6 9. e3 Be6 10. Be2
Rc8 11. O-O Be7 12. Ne1 O-O $11 {1-0 Kryakvin,D (2521)-Rychagov,A (2575)/
Saratov 2006/EXT 2008 (53)}) 6... dxe4 7. Nxe4 Bg7 (7... Nxe4 8. Qxe4 Bg7 9.
Be2 O-O (9... c5 10. d5 Bf5 11. Qh4 $14) 10. O-O Nd7 11. Rd1 Nf6 12. Qh4 $14 {
1-0 Bulajic,R (2325)-Spasenovic,Z (2143)/Banja Vrucica SRB 2012 (34)}) 8. Be2
$1 $146 {This natural innovation leaves White more chances for getting
something of an edge.} (8. Bd3 {can be strongly met by:} Nxe4 9. Bxe4 Bg4 10.
Ne5 Be6 11. Be3 Nd7 (11... Qa5+ 12. Bd2 Qc7 13. O-O O-O (13... Nd7 14. f4 O-O
15. Rae1 $14) 14. Bf4 $14 {1-0 Doss,J (2344)-Rios,E (2160)/Dallas 2001/EXT
2005 (31)}) 12. Nf3 (12. f4 Nxe5 13. dxe5 Qa5+ 14. Kf2 O-O-O $132) 12... Nf6
13. Bd3 Ng4 $11) 8... O-O {This natural move hardly can be called ''a
mistake'' , but there were some tactical nuances.} ({It seems,} 8... Bf5 $5 {
was more precise and could have solved the problems. For instance,} 9. Nxf6+
Bxf6 10. Qb3 Nd7 11. Qxb7 (11. O-O Qb6 $11) 11... c5 12. d5 O-O 13. O-O Re8 {
with decent compensation for a pawn.}) 9. O-O Bf5 {A natural way of
development. However, Black's queenside is somewhat weak now.} ({After} 9...
Nxe4 10. Qxe4 Bf5 11. Qh4 Nd7 12. Rd1 $14 {Black would suffer from a lack of
space.}) (9... Nbd7 10. Re1 Qc7 $14) 10. Nxf6+ Bxf6 11. Qb3 Qc7 ({Now} 11...
Nd7 {doesn't seem to solve all the problems in view of:} 12. Bh6 (12. Qxb7 c5
13. d5 {is acceptable for Black, as we know from the above-mentioned note.})
12... Re8 13. Rad1 Qb6 14. Qxb6 Nxb6 15. h3 $14) 12. h3 $1 {A very strong
prophylactic move. Black is experiencing problems with his light-squared
bishop, since it is rather restricted and may be attacked by means of g2-g4.}
c5 {True to his style, Alexander Morozevich is trying to complicate matters.} (
{The quiet} 12... Nd7 13. g4 Be6 ({Black cannot afford} 13... Be4 $2 14. Nd2
Qf4 15. Nb1 $1 Qd6 16. Nc3 Qe6 17. Be3 $18 {[%csl Re4]}) 14. Bh6 Rfd8 15. Qe3
b5 16. b3 $14 {could definitely suit Grischuk.}) 13. d5 a5 $6 {Black is
looking for an original way to activate his queenside pieces, but it takes too
much time.} ({A more solid approach was} 13... Re8 14. Re1 (14. Be3 $5) 14...
h5 15. Bg5 Nd7 16. Bxf6 Nxf6 {in that case Black would have a worse, but solid
position.}) 14. Bh6 Re8 15. g4 {The most ambitious way to extend the
initiative. White seizes a lot of space, while exposing the king is rather
symbolic.} (15. Qe3 $5 Bxb2 16. Rad1 a4 17. Rfe1 {also looks promising and
offers White more than sufficient compensation.}) 15... Bc8 16. Rad1 Nd7 {
Black desperately lacks good squares for minor pieces, while all White's
forces can be easily activated.} (16... a4 17. Qa3 b6 18. Rfe1 Nd7 19. Bf1 Bb7
20. Rd2 $36) 17. Rfe1 Ra6 (17... b6 18. Bf1 Bb7 19. Rd2 a4 20. Qe3 e6 21. Bg2
$16) 18. Bf1 {A brave decision. Alexander doesn't mind giving up a pawn in
order to develop the kingside attack as soon as possible.} ({The quiet} 18. Qa3
Rb6 19. Rb1 {would keep an edge, but Black may get some counterplay by means
of:} (19. Bc1 $5) 19... Rb4 $1 20. Bd2 b5 {with wild complications.}) 18... Rb6
19. Qe3 Bxb2 ({The other way to take the pawn is worse:} 19... Rxb2 $2 20. d6
Qd8 21. g5 Bh8 22. dxe7 Qc7 23. h4 $18 {Black is practically paralysed.}) 20.
Bf4 $1 Qd8 {Black's extra pawn is of no great value.} 21. Ng5 $1 {Not only
preventing Black from freeing by means of e7-e6, but also making the g3- spot
vacant for the queen. Black cannot sit and wait anymore.} Bd4 22. Qg3 e5 23.
dxe6 fxe6 {Black's pawn structure looks really bad, but at least there are
some defensive resources.} 24. Bg2 {Grischuk's play is very natural and
powerful - White's setup is a picture of harmony.} (24. Nf3 $5 e5 25. Bg5 Nf6
26. Bg2 $16) 24... e5 (24... Qf6 25. Ne4 Qe7 26. Bd6 Qg7 27. Ng5 Nf6 28. Nf3
$16) 25. Bd2 {The only inaccuracy of Alexander Grischuk in this brilliant game.
That retreat gives Black time for regrouping the pieces.} ({A much stronger
move would be:} 25. Bd5+ $1 Kg7 26. Qh4 Nf8 (26... h5 27. gxh5 Qf6 28. Be3 $18)
27. Rxd4 cxd4 28. Rxe5 h6 29. Kg2 d3 (29... hxg5 30. Bxg5 $18) 30. Rxe8 Qxe8
31. Nf7 g5 32. Bxg5 Qxf7 33. Bxf7 hxg5 34. Qxg5+ Kxf7 35. Qd8 {and White
should be able to convert the material advantage into a full point.}) 25... Rf6
$2 ({Black misses a golden opportunity to change the character of play:} 25...
Rd6 $1 26. Bd5+ Rxd5 27. cxd5 Nf6 28. Bc3 Qxd5 29. Bxd4 cxd4 $16 {The
resulting position is still much better for White, but Black gets some
pracxtical chances due to strong central pawns.}) 26. Nf3 (26. Bd5+ Kh8 27. Nf3
Rxf3 28. Bxf3 Qf6 $16) 26... Nb6 {That loses on the spot, but I can hardly
suggest a reasonable improvement.} (26... Qc7 27. Nxd4 cxd4 28. Bd5+ Kg7 29.
Bg5 Rff8 30. Rxd4 h6 31. Bd2 b6 32. Bc3 Re7 33. f4 $18) (26... Qb6 27. Nxd4
cxd4 28. Bd5+ Kg7 29. f4 $18) 27. Nxd4 exd4 (27... cxd4 28. Rxe5 Rxe5 29. Qxe5
$18) 28. Bg5 ({There was nothing wrong with} 28. Bxa5 $18 {either.}) 28... Ref8
29. Qe5 Nd7 (29... Qd6 30. Bxf6 Rxf6 31. Qxd6 Rxd6 32. Re5 $18) 30. Bxf6 Qxf6
31. Qxf6 Nxf6 ({Or} 31... Rxf6 32. Re7 Nb6 33. Rc7 $18) 32. Rb1 {White is
completely winning. The remaining few moves were just an agony.} Rf7 33. g5 Nd7
34. Re8+ Rf8 35. Bd5+ Kh8 36. Rbe1 {Impressive play by Alexander Grischuk, who
also managed to win the event!} 1-0

[Event "Moscow Petrosian Memorial"]
[Site "Moscow"]
[Date "2014.11.08"]
[Round "4"]
[White "Ding, Liren"]
[Black "Grischuk, Alexander"]
[Result "1/2-1/2"]
[WhiteElo "2730"]
[BlackElo "2795"]
[Annotator "CB"]
[PlyCount "69"]
[EventDate "2014.11.04"]
[EventType "tourn"]
[EventRounds "7"]
[EventCountry "RUS"]
[EventCategory "20"]
[SourceTitle "CBM 164"]
[Source "ChessBase"]
[SourceDate "2015.01.15"]
[SourceVersion "1"]
[SourceVersionDate "2015.01.15"]
[SourceQuality "1"]

1. d4 Nf6 2. c4 g6 3. g3 c5 4. Nf3 cxd4 5. Nxd4 Bg7 6. Bg2 O-O 7. Nc3 Qc7 8.
Qd3 Nc6 9. O-O d6 10. b3 Nxd4 11. Qxd4 Ne4 12. Nd5 Bxd4 13. Nxc7 Rb8 (13...
Bxa1 {was Kramnik-Caruana, Norway 2014.}) 14. Bxe4 Bxa1 15. Be3 Be5 16. f4 Bf6
17. Bxa7 Bh3 18. Rd1 Ra8 19. Nxa8 Rxa8 20. Be3 Rxa2 {White might have a very
slight advantage because of his pressure on b7.} 21. Kf2 Rb2 22. Rb1 Ra2 23.
Bxb7 Bf5 24. Rc1 Rb2 25. c5 dxc5 26. Rxc5 Rxb3 {Through some clever maneuvers
the pawns on the queenside have been simplified and the game will now end in a
draw.} 27. Bf3 Rc3 28. Rxc3 Bxc3 29. Bc5 e5 30. e3 exf4 31. exf4 h5 32. Ke3 Bb2
33. Kf2 Bc3 34. Ke3 Bb2 35. Kf2 1/2-1/2

[Event "Moscow Petrosian Memorial"]
[Site "Moscow"]
[Date "2014.11.09"]
[Round "5"]
[White "Grischuk, Alexander"]
[Black "Leko, Peter"]
[Result "1-0"]
[WhiteElo "2795"]
[BlackElo "2731"]
[Annotator "Krasenkow,M"]
[PlyCount "65"]
[EventDate "2014.11.04"]
[EventType "tourn"]
[EventRounds "7"]
[EventCountry "RUS"]
[EventCategory "20"]
[SourceTitle "CBM 164"]
[Source "ChessBase"]
[SourceDate "2015.01.15"]
[SourceVersion "1"]
[SourceVersionDate "2015.01.15"]
[SourceQuality "1"]

1. Nf3 d5 2. c4 e6 3. d4 Nf6 4. Nc3 Be7 5. Bg5 h6 6. Bh4 O-O 7. e3 b6 8. g4 $5
{One of many positions in which this trendy continuation has been tested
lately.} Nxg4 {Black is not forced to take this pawn:} (8... g5 $2 9. Bg3 Nxg4
10. h4 f5 11. hxg5 hxg5 12. Ne5 Nf6 13. Ng6 $18 {1-0 (35) Nachbar,B (2145)
-Dischinger,F (2204) Germany 2010}) (8... Bb7 9. Bxf6 Bxf6 10. cxd5 $142 $1 (
10. h4 c5 $1 (10... Nd7 11. cxd5 exd5 12. g5 hxg5 13. hxg5 Bxg5 14. Nxg5 Qxg5
15. Qf3 Nf6 16. Be2 Rfd8 17. O-O-O $40 {1-0 (26) Kunin,V (2581)-Nabavi,P (2214)
Nuremberg 2011}) 11. g5 (11. cxd5 cxd4 $1) 11... cxd4 12. gxf6 $6 dxc3 13. fxg7
Re8 $17 {1-0 (34) Predke,A (2461)-Usmanov,V (2238) St Petersburg 2011}) 10...
Bxd5 (10... exd5 11. h4) 11. Nxd5 exd5 12. h4 c5 13. g5 Be7 14. Bd3 $36 Nc6 $2
15. gxh6 g6 16. Qa4 c4 17. Qxc6 cxd3 18. Qc3 $16 {1-0 (29) Kunin,V (2525)
-Varoquier,R (2194) Cappelle la Grande 2013}) (8... c5 $5 {(a very logical
reply to a flank action but there has been only one practical test)} 9. Rg1 Ne4
10. Bxe7 Qxe7 11. cxd5 Nxc3 12. bxc3 cxd4 (12... exd5 13. g5 $5) 13. cxd4 (13.
g5 $5) 13... Bb7 14. g5 hxg5 15. dxe6 Bxf3 16. Qxf3 Qb4+ 17. Kd1 Qa4+ 18. Ke1
Qb4+ 19. Kd1 {1/2 (19) Gouret,T (2250)-Eustache,B (2260) Paris 1990}) (8...
dxc4 9. Bxf6 (9. Rg1 Nh7 10. Bxe7 Qxe7 11. Bxc4 c5 $132 {1/2 (33) Converset,J 
(2245)-Guimaraes,M (2373) IECC 2002}) 9... Bxf6 10. h4 Bb7 11. g5 hxg5 12. hxg5
Bxg5 13. Bxc4 c5 $2 (13... Bh6 $5) 14. d5 Bh6 15. Ke2 b5 16. Rxh6 $1 gxh6 17.
Qh1 Kh7 18. Ne4 Rg8 {1-0 (30) Nielsen,P (2662)-Georgiev,V (2372) Dresden 2008}
19. Ne5 $1 $18 {[%cal Re5f7]} Rg7 $140 20. Qxh6+ $3) (8... Nbd7 {(planning ...
Nd7xf6 to Bh4xf6)} 9. Rg1 Bb7 10. g5 (10. Bxf6 Nxf6 11. g5 hxg5 12. Nxg5 dxc4
13. Qc2 c5 14. O-O-O Qc7 $13 {1/2 (33) Kanep,M (2531)-Kiuttu,R (2283)
Jyvaskyla 2011}) 10... Ne4 11. cxd5 exd5 12. Bb5 g6 (12... c6 $5 13. Bd3 c5)
13. Bxd7 Qxd7 14. gxh6 Bxh4 15. Nxh4 Kh7 $13 (15... Qh3 $4 16. Qh5 Nxf2 17.
Rxg6+ Kh8 18. Rg3 Nd3+ 19. Kd2 {1-0 (19) Shabalov,A (2591)-Amanov,Z (2394) Las
Vegas 2010})) (8... Ne4 $5 9. Bxe7 Qxe7 10. cxd5 exd5 11. Nxd5 Qd6 12. Nc3 Nxc3
13. bxc3 Bxg4 14. Rg1 Bh5 15. Be2 Nd7 $13 {0-1 (37) Brustkern,J (2255)-Welin,M
(2236) Sweden 2009}) 9. Bxe7 Qxe7 10. cxd5 exd5 (10... Bb7 11. Rg1 Nf6 12. dxe6
Qxe6 13. Ne5 Nbd7 14. Bc4 Qh3 15. Qc2 Nxe5 16. dxe5 Qxh2 17. Qg6 Ne8 18. O-O-O
$40 {1-0 (22) Le Ruyet,L (2273)-Talla,V (2394) Pardubice 2013}) 11. Nxd5 Qd6
12. Nc3 c5 $1 $146 {[%mdl 8] The immediate attack on the centre looks quite
timely.} (12... Bb7 13. Rg1 Nf6 14. Ne5 c5 15. Ng4 $1 (15. Bc4 cxd4 16. Qxd4
Qxd4 17. exd4 Nc6 18. Nxc6 {1/2 (18) Barbero,G (2505)-Vegh,E (2395) Budapest
1988}) 15... Kh8 16. dxc5 Qxd1+ 17. Rxd1 Nxg4 18. Rxg4 Bf3 19. Be2 Bxg4 20.
Bxg4 Nc6 21. Bd7 Ne5 22. c6 $44 {1/2 (28) Vishnu,P (2523)-Deepan,C (2462)
Jalgaon IND 2013}) 13. Rg1 Nf6 {There was no need to retreat at once.} (13...
Nc6 $5 14. d5 Ne7 15. Bc4 Ng6 $13) 14. Bg2 (14. dxc5 Qxc5 15. Qd4 {was a
better attempt to seize the initiative.}) 14... Bg4 15. Qd2 $6 (15. dxc5 Qxc5
16. Qd4 {was still possible (although Black had no problems as the g-file was
closed)}) 15... Nbd7 $1 16. Ne5 Nxe5 17. dxe5 Qxe5 18. Bxa8 Rxa8 {White has
won an exchange for the pawn but his king is unsafe, and he is doomed to
defence.} 19. Rg3 Ne4 {This leads to simplifications.} (19... Qf5 $142 $1 $36 {
(indicated by various commentators)}) 20. f4 $1 Nxd2 (20... Qe8 21. Nxe4 Qxe4
22. Qg2 $1) 21. fxe5 Nf3+ 22. Kf2 Nxe5 23. Rag1 Bh5 $2 (23... Rd8 $1 24. Rxg4
Rd2+ 25. Kf1 Nxg4 26. Rxg4 Rxb2 27. Rg2 Rb4 {(A.Tukhaev), and Black should not
lose with three pawns for a knight.}) 24. Rxg7+ Kh8 25. R7g2 {[%mdl 1024]
White's material advantage now becomes a decisive factor although it is not
easy to convert.} Rd8 (25... Nf3 26. Rd1 $1 Nh4 $140 27. Rd6 Nxg2 28. Rxh6+ Kg7
29. Rxh5 $18 {A.Tukhaev}) 26. e4 {[%cal Yc3d5]} c4 $6 {Black ignores White's
plan and gets into real trouble.} (26... Nf3 $142 27. Rd1 Nd4 28. Rd3 Bg6) ({
The immediate} 26... Bg6 27. Ke3 {is more comfortable for White.}) 27. Nd5 Bf3
$2 (27... Bg6 28. Ke3 {was still the lesser evil although Black's pawn is
placed much worse on c4 than on c5.}) 28. Rg7 $18 {[%cal Rd5f6] Black has no
defence now.} Bh5 (28... Bxe4 29. Nf6 Bg6 30. R1xg6 $18) 29. Nf6 Rd2+ 30. Ke3
Rd3+ 31. Kf4 Ng6+ 32. R1xg6 Rf3+ 33. Ke5 1-0